000 00402nam a22001457a 4500
005 20251108173052.0
008 250721s2002 xx 000 0 ara d
082 1 4 _aط/ق/موك
245 1 0 _aموك الصغير /
264 1 _aدمشق :
_bدار الغد الإنساني،
_c2002.
650 1 7 _aادب الأطفال
650 1 7 _aالقصص العربية
942 _2ddc
_cBK
999 _c95340
_d95340